El nacionalismo de los países latinoamericanos en la postguerra /

保存先:
書誌詳細
第一著者: Carrillo Flores, Antonio (autor)
フォーマット: 図書
言語:スペイン語
シリーズ:(Jornadas ; 28)
主題:
タグ: タグ追加
タグなし, このレコードへの初めてのタグを付けませんか!

MARC

LEADER 00000nam^a2200000^a^4500
001 000096651
005 20250521000000.0
009 20260310092950.704
037 |a Acervo ITESO - Biblioteca 
041 |a ESP 
082 |a 300. 5  |b JOR V. 28 
100 |a Carrillo Flores, Antonio  |e (autor) 
240 1 1 |a [Jornadas] 
245 1 3 |a El nacionalismo de los países latinoamericanos en la postguerra /  |c A. Carrillo Flores. 
264 |a México :  |b El Colegio de México, Centro de Estudios Sociales,  |c 1945 
300 |a 28 p. 
336 |a texto  |b txt  |2 rdacontenido 
337 |a sin mediación  |b n  |2 rdamedio 
338 |a volumen  |b nc  |2 rdasoporte 
440 1 |a (Jornadas ;  |v 28) 
649 |a XX 
650 |a Ciencias Sociales -  |x Publicaciones Periódicas Mexicanas 
650 |a Identidad Cultural -  |z Latinoamérica 
650 |a Identidad Nacional -  |z Latinoamérica 
650 |a Nacionalismo -  |z Latinoamérica 
650 |a Política -  |z Latinoamérica 
910 |a Fondo Salvador Reynoso Reynoso 
920 |a Impresos - Libros 
930 |a Fondos Especiales 
905 |a 112 
901 |a 0500032281  |b IT2  |c ESP  |u 20250521 
902 |a https://opac.biblio.iteso.mx/vufind/Record/000096651